[Event "GER-chT U16"]
[Site "Kiel"]
[Date "2022.07.25"]
[Round "6.8"]
[White "Leuthier, Richard"]
[Black "Schedel, Loris"]
[Result "1/2-1/2"]
[WhiteElo "1145"]
[BlackElo "1520"]
[PlyCount "88"]
[EventDate "2022.07.22"]
[EventType "team-swiss"]
[EventRounds "7"]
[EventCountry "GER"]
[SourceTitle "CBM 209 Extra"]
[Source "ChessBase"]
[SourceDate "2022.09.30"]
[SourceVersion "1"]
[SourceVersionDate "2022.09.30"]
[SourceQuality "1"]
[WhiteTeam "Niederwiesa"]
[BlackTeam "Goeppingen"]
[WhiteTeamCountry "GER"]
[BlackTeamCountry "GER"]

1. d4 Nf6 2. Nf3 e6 3. e3 d5 4. Bd3 c5 5. c3 Nc6 6. Nbd2 c4 7. Bc2 Bd6 8. 0-0 Qc7 9. e4 dxe4 10. Nxe4 Be7 11. Qe2 b5 12. b3 Na5 13. b4 Nc6 14. Bg5 Nd5 15. Bxe7 Qxe7 16. Rac1 0-0 17. Bb1 e5 18. dxe5 Nxe5 19. Nxe5 Qxe5 20. Rfe1 Bf5 21. Ng3 Qxe2 22. Nxe2 Bxb1 23. Rxb1 Rfe8 24. Rbc1 Re4 25. Kf1 Rae8 26. a3 f5 27. g3 g5 28. Nd4 Rxe1+ 29. Rxe1 Rxe1+ 30. Kxe1 Nxc3 31. Kd2 Ne4+ 32. Ke2 Nd6 33. Ke3 Kf7 34. f4 g4 35. Nc2 Ke6 36. Kd4 Ne4 37. Ne3 a6 38. Nf1 h6 39. Ne3 h5 40. Nf1 Nf2 41. Ne3 Ne4 42. Nf1 Nd6 43. Ne3 Nb7 44. Nf1 Nd6 1/2-1/2

[Event "GER-chT U16"]
[Site "Kiel"]
[Date "2022.07.24"]
[Round "4.10"]
[White "Junge, Mattheo Gabriel"]
[Black "Leuthier, Richard"]
[Result "1-0"]
[WhiteElo "1146"]
[BlackElo "1145"]
[PlyCount "51"]
[EventDate "2022.07.22"]
[EventType "team-swiss"]
[EventRounds "7"]
[EventCountry "GER"]
[SourceTitle "CBM 209 Extra"]
[Source "ChessBase"]
[SourceDate "2022.09.30"]
[SourceVersion "1"]
[SourceVersionDate "2022.09.30"]
[SourceQuality "1"]
[WhiteTeam "Schott Jena"]
[BlackTeam "Niederwiesa"]
[WhiteTeamCountry "GER"]
[BlackTeamCountry "GER"]

1. e4 c5 2. Nc3 Nc6 3. Nge2 Nf6 4. g3 g6 5. Bg2 Bg7 6. 0-0 0-0 7. d3 e5 8. Be3 d6 9. h3 b6 10. f4 exf4 11. Bxf4 Bb7 12. Qd2 Re8 13. Bg5 Ne5 14. Nd5 Ned7 15. Nec3 Re6 16. Qf4 Qb8 17. h4 Bxd5 18. Nxd5 Qb7 19. Bh3 Rf8 20. Bxe6 fxe6 21. Nxf6+ Nxf6 22. Qxd6 Nh5 23. Qxe6+ Kh8 24. Rxf8+ Bxf8 25. Bf6+ Bg7 26. Qe8# 1-0